000 00467nam a22001817a 4500
003 OSt
005 20140310181750.0
008 130626t xxu||||| |||| 00| 0 eng d
050 _aBX 2390
_b.B126 1995
082 _aFIL 242
_bB12 1995
245 _aReach Out /
_cFr. Mario Baclig
260 _aphil.
_bSalensiana publishing
_c1995
300 _aix 330p.
_bill.
_c21 cm.
521 _abasic ed. student
541 _j1
562 _e1
942 _2lcc
_cBK-FIL
_kFIL
999 _c3172
_d3172